Constructing a Capital on the Edge of Empire (Record no. 17819)

MARC details
000 -LEADER
fixed length control field 00311nam a2200121 a 4500
082 00 - DEWEY DECIMAL CLASSIFICATION NUMBER
Classification number 954.84 SHA
100 ## - MAIN ENTRY--AUTHOR NAME
Author name Shah, Alison Mackenzie
245 ## - TITLE STATEMENT
Title Constructing a Capital on the Edge of Empire
260 ## - PUBLICATION, DISTRIBUTION, ETC. (IMPRINT)
Place of publication Pennsylvania
Name of publisher University of Pennsylvania
Year of publication 2005
300 ## - PHYSICAL DESCRIPTION
Number of Pages 395
650 ## - SUBJECT ADDED ENTRY--TOPICAL TERM
Topical Term Hyderabad
942 ## - ADDED ENTRY ELEMENTS (KOHA)
Koha item type Reading Reference Book
Holdings
Home library Current library Date acquired Source of acquisition Cost, normal purchase price Full call number Accession Number Koha item type
Henry Martyn Institute Library Henry Martyn Institute Library 03/31/2017 Shah, Alison Mackenzie 100.00 954.84 SHA V.1 11001809 Reading Reference Book
Henry Martyn Institute Library Henry Martyn Institute Library 03/31/2017 Shah, Alison Mackenzie 100.00 954.84 SHA 11-1810 Reading Reference Book
                   Copyright © 2026 | Henry Martyn Institute | Hyderabad | TS-500052 | INDIA | Implemented by hmi.edu.in
Hit-Count:

Powered by Koha